000 01248cam a22003737i 4500
001 3201
005 20240219114201.0
020 _a9781423197546
040 _aYDXCP
_beng
_cYDXCP
_erda
_dBTCTA
_dBDX
_dCXP
_dFOLLT
_dCO2
_dDLC
050 0 0 _aPZ7.C161664
_b 2014
082 0 4 _a428.6
100 1 _aCandau, Brittany
_eauthor
245 1 0 _aFully charged :
_cby Candau, Brittany
_bThe amazing spider-man 2 /
250 _aFirst Edition
260 _aNew York :
_bMarvel ,
_c2014
300 _a32 pages :
_bcolor illustrations ;
_c24 cm.
490 _aWorld of reading
_vLevel 2
505 _aJ
520 _aWhen the super villain Electro menaces New York, Spider-Man comes to save the day.
521 _a480
_bLexile
521 _aJ
_bRaz-Plus
650 0 _aSuperheroes
_vJuvenile fiction
650 0 _aGood and evil
_vJuvenile fiction
650 1 _aSuperheroes
_vFiction.
650 1 _aGood and evil
_vFiction
650 1 _aScience fiction
655 7 _aReaders (Elementary)
_2lcsh
655 7 _aScience fiction.
_2gsafd
700 1 _aSmith, Andy
_d1969-
_eillustrator
700 1 _aGeraci, Drew
_eillustrator
700 1 _aPantazis, Pete
_eillustrator
906 _a7
_bcbc
_ccopycat
_d2
_encip
_f20
_gy-gencatlg
942 _2ddc
_cBK
_n0
999 _c3201
_d3201